Statistiche per Riconosci la Squadra di calcio - Quiz n°239

Clicka qui per fare il quiz!

Statistiche generali

  • Questo quiz è stato fatto 2 volte
  • Il punteggio medio è 4 su 13

Statistiche sulle risposte

IndizioRisposta% Corretto
Colori socialiGranata
100%
SimboliIppocampo
100%
Titoli nazionali2 campionati di Serie B
50%
Divisione nazionale 2023-2024Prima
50%
ConfederazioneUEFA
50%
Trofei internazionali0
0%
Fondazione1919
0%
Rifondazione1927
0%
Trofei nazionali1 Coppe Italia Serie C/Lega Pro
1 Supercoppa di Lega di Seconda Divisione
0%
Rifondazione2005
0%
Rifondazione2011
0%
Capienza Stadio31 000 posti
0%
SquadraSalernitana
0%

Distribuzione punteggi

Percentile per numero di risposta

Percentuale di utenti per punteggio

I tuoi punteggi nel tempo

Non hai fatto questo quiz